Monetární teorie cyklu, dluhový problém a finanční krize

Východiská a závery monetárnej teórie cyklu. Nadmerná úverová expanzia. Dlhový problém ako príčina finančných kríz. Vnútorný dlhový problém. Príčiny a dôsledky vzniku vnútorného dlhového problému. Mechanizmus vzniku systematickej finančnej krizy. Ázijská finančná kríza vo svetle monetárnej teórie...

Descrizione completa

Salvato in:
Dettagli Bibliografici
Autore principale: Dvořák, Pavel
Natura: Capitolo di libro
Lingua:ceco
Soggetti:
Tags: Aggiungi Tag
Nessun Tag, puoi essere il primo ad aggiungerne!!

MARC

LEADER 00000naa$a2200000$$$4500
001 0056764
005 20231019131142.7
041 0 |a cze 
044 |a CZ 
245 1 0 |a Monetární teorie cyklu, dluhový problém a finanční krize  |c Pavel Dvořák 
520 |a Východiská a závery monetárnej teórie cyklu. Nadmerná úverová expanzia. Dlhový problém ako príčina finančných kríz. Vnútorný dlhový problém. Príčiny a dôsledky vzniku vnútorného dlhového problému. Mechanizmus vzniku systematickej finančnej krizy. Ázijská finančná kríza vo svetle monetárnej teórie cyklu. 
610 2 0 |a politika menová 
610 2 0 |a kríza finančná 
610 2 0 |a cykly hospodárske 
610 2 0 |a úver 
610 2 0 |a pohyb kapitálu 
610 2 0 |a Ázia 
610 2 0 |a teória cyklu 
100 1 |a Dvořák, Pavel